000 00688nam a2200181Ia 4500
003 GCL
008 140319s9999 xx 000 0 ara d
040 _aGCL /
_cGCL
082 0 4 _a896.6762
_bس م
100 1 _aسليم الاسيوطى (مترجم)
245 1 0 _aمن المسرح الافريقى - 2 الناسك الاسود , ولدعلموت , الخروج (هديه من الآديب عبدالفتاح الجمل) /
_cسليم الاسيوطى (مترجم)
700 1 _aطه محمود طه (مراجعه)
300 _a189
490 _aمن المسرح العالمى
_v0
650 0 4 _aالادب الافريقى
650 0 4 _aالقصص الكينى
942 _2ddc
_cBK
999 _c42720
_d42720